Sitcoms By First Names Quiz Stats

 Plays Quiz Updated Apr 19, 2019

Score 0/45 Timer 05:00
1 Play Today
% Correct
Chandler
92.2%
Rachel
91.5%
Joey
91.2%
Ross
91.1%
Phoebe
91%
Monica
90.8%
Bobby
90.4%
Cindy
88.3%
Alice
88.1%
Carol
87.7%
Morticia
87.6%
Frasier
87.5%
Marcia
86.9%
Frasier
86%
Jerry
85.9%
Jan
85.3%
Greg
84.2%
Gomez
83.7%
Norm
83.7%
Elaine
83.5%
Diane
83.4%
Wednesday
83.3%
Cliff
83.2%
% Correct
George
82.8%
Fester
82.8%
Sam
82.7%
Carla
82.5%
Peter
81.7%
Pugsley
80.5%
Herman
80.4%
Mike
79.4%
Lurch
78.8%
Cosmo
78.6%
Woody
77.7%
Thing
74%
Chrissy
73.5%
Eddie
73%
Jack
72%
Paul
67.9%
Janet
67.8%
Lily
64.8%
Rebecca
62.6%
Marilyn
62.1%
Jamie
61.2%
Vladimir
61.1%

You're not logged in!

Compare scores with friends on all Sporcle quizzes.
OR
Log In

Sporcle TV

Today on Sporcle TV


Watch our educational content, quiz creation guides, and fun videos on Sporcle TV.

Show Comments

Extras

Top Quizzes Today


Score Distribution

Your Account Isn't Verified!

In order to create a playlist on Sporcle, you need to verify the email address you used during registration. Go to your Sporcle Settings to finish the process.

Report this User

Report this user for behavior that violates our Community Guidelines.

Details: